Прикладная ядерная спектроскопия: сборник статей

Dettagli Bibliografici
Lingua:russo
Pubblicazione: Москва, Атомиздат, 1970-1984
Natura: MixedMaterials Periodico
KOHA link:https://koha.lib.tpu.ru/cgi-bin/koha/opac-detail.pl?biblionumber=250812

MARC

LEADER 00000nas1a2200000 4500
001 250812
005 20231211125038.0
035 |a (RuTPU)RU\TPU\book\273040 
035 |a RU\TPU\book\131810 
090 |a 250812 
100 |a 20070920c19701984k||y0rusy50 ca 
101 0 |a rus 
102 |a RU 
110 |a zkaz 1yy0 
200 1 |a Прикладная ядерная спектроскопия  |e сборник статей 
210 |a Москва  |c Атомиздат  |d 1970-1984 
801 1 |a RU  |b 63413507  |c 20030430  |g PSBO 
801 2 |a RU  |b 63413507  |c 20140226  |g PSBO 
942 |c CR